| 000 | 00580nam a2200205Ia 4500 | ||
|---|---|---|---|
| 003 | BUBTL | ||
| 008 | 151213s9999 xx 000 0 und d | ||
| 082 |
_a657 _bKHA |
||
| 100 | _aMd . Mainuddin Khan | ||
| 245 |
_aAdvanced accounting (Vol-1-2 ) _cMd . Mainuddin Khan |
||
| 250 | _a8th | ||
| 260 |
_aDhaka _bIdeal Library _c2000 |
||
| 300 |
_a[x] , 924p . : _bill , 24cm . _cAccounting . |
||
| 650 | _aAccounting | ||
| 650 |
_aAccounting _94527 |
||
| 700 |
_aMd . Mainuddin Khan _94528 |
||
| 856 |
_k0 _l0 _yDownload |
||
| 942 |
_2ddc _cBK |
||
| 999 |
_c1202 _d1202 |
||